00476nam a2200169 a 4500001001300000003000900013005001700022008004100039020001000080082001600090245006100106260002700167500003500194505001000229650001400239710005300253nice12345678IN_TiNIC20260116015129.0050524s1996 bana grp 000 0 eng  ac10000a658.45bCIS aXix Biennial Coucil Meetingb Bangalore, June 7-10, 1996 aBangalorebCISRSc1996 aincludes index and biblioraphy2 aIndex aReporting2 aChristian Inst. for the Studyof Religion& Societ